000 00468nam a2200157 i 4500
001 73032
003 ES-MaACL
005 20230906171638.0
007 t|
008 040906s1965 sp ||||1| spa d
100 1 _aGoldsborough Serrat, Andrés.
_957675
245 1 0 _aImagen humana y literaria de Gregorio Martínez Sierra /
_cAndrés Goldsborough Serrat.
260 _aMadrid :
_b[s.n.,
_c1965]
300 _a174 p. ;
_c19 cm.
852 _aES-MaACL
_jC-28807
_bR.58014
999 _c73032
_d73032